20 Entertaining Piñatas Quiz Stats

 Plays Quiz Updated May 19, 2016

Score 0/20 Timer 08:00
3 Plays Today
% Correct
Simba (The Lion King)
98.2%
Super Mario Bros.
96.7%
Ariel (The Little Mermaid)
96.6%
SpongeBob SquarePants
95.7%
Donald Trump
95.4%
Ghostbusters
94.7%
Marlin (Finding Nemo)
94.5%
Cookie Monster (Sesame Street)
94.4%
Emmett (The Lego Movie)
93.7%
Lightning McQueen (Cars)
93.4%
% Correct
Mr. Potato Head (Toy Story)
93.2%
The Beatles
92.5%
Michael Jackson
92.1%
Olaf (Frozen)
90.9%
Mike (Monsters Inc. or University)
90.3%
The Flash
88.4%
Whoopi Goldberg
81.5%
Katy Perry
70.9%
Frida Kahlo
47.3%
Tim Duncan
38.8%

You're not logged in!

Compare scores with friends on all Sporcle quizzes.
Join for Free
OR
Log In

You Might Also Like...

Show Comments

Extras

Top Quizzes Today


Score Distribution

Your Account Isn't Verified!

In order to create a playlist on Sporcle, you need to verify the email address you used during registration. Go to your Sporcle Settings to finish the process.

Report this User

Report this user for behavior that violates our Community Guidelines.

Details: